000 00625nam a2200241Ia 4500
003 OSt
005 20220918182101.0
006 a|||||r|||| 00| 0
007 ta
008 220917b |||||||| |||| 00| 0 eng d
024 _a30,640
037 _cTextual
040 _aARTS
_cARTS
_beng
041 _2eng
_aeng
082 _aO111,6v, K6
100 _aGordon Ian A
_959741
245 0 _aMovement of English prose
260 _c1966
490 _aEnglish language series ed by Randolph Quirk
650 _aENGLISH LITERATURE
942 _hO111,6v, K6
_cTEXL
_2CC
999 _c167857
_d167857